| 000 | 00589nam a22001937a 4500 | ||
|---|---|---|---|
| 005 | 20240321152909.0 | ||
| 008 | 150413b xxu||||| |||| 00| 0 eng d | ||
| 020 |
_a23194774(ISSN) _c395.00 |
||
| 040 | _aLoreto College | ||
| 082 |
_a820(I) _bLOR |
||
| 245 |
_aCritical imprints X _cEdited by Sukanya Dasgupta _bLandscape and memory |
||
| 260 |
_aKolkata _bDept. of English,Loreto College _c2023 |
||
| 300 |
_aviii,160p _b22cm |
||
| 610 | _aDept. of English,Loreto College | ||
| 650 | _aIndian writing in English | ||
| 700 |
_4ed. _aDasgupta,Sukanya |
||
| 850 |
_aLCLIB _bPG |
||
| 942 | _cBK | ||
| 999 |
_c43575 _d94054 |
||